Vocabulario básico de la historia moderna: España y América
Saved in:
| Hovedforfatter: | |
|---|---|
| Format: | Bog |
| Sprog: | spansk |
| Udgivet: |
Barcelona, España
Crítica
1986
|
| Serier: | Serie General. Estudios y Ensayos,
160 |
| Fag: | |
| Tags: |
Tilføj Tag
Ingen Tags, Vær først til at tagge denne postø!
|
MARC
| LEADER | 00000nam a2200000 a 4500 | ||
|---|---|---|---|
| 001 | UCO1257 | ||
| 003 | CL-VaPUC | ||
| 005 | 20250228150741.0 | ||
| 008 | 000512e19860000SP |||||||||||||||||spa|d | ||
| 999 | |c 287886 |d 287884 | ||
| 040 | |c Pontificia Universidad Católica de Valparaíso | ||
| 082 | 0 | 4 | |a 946 KAM 1986 |2 21 |
| 100 | |a Kamen, Henry |e author |9 548246 | ||
| 245 | 1 | 0 | |a Vocabulario básico de la historia moderna: |b España y América |
| 260 | |a Barcelona, España |b Crítica |c 1986 | ||
| 300 | |a 190 páginas | ||
| 490 | 0 | |a Serie General. Estudios y Ensayos, |v 160 | |
| 583 | |a last modification |c 20000512 00:00:00 |k Rodrigo Vera | ||
| 650 | 0 | |a Historia de España |9 315435 | |
| 650 | 0 | |a Historia de América |9 266076 | |
| 650 | 0 | |a Historia moderna |9 268036 | |
| 650 | 0 | |a Vocabulario |9 345405 | |
| 942 | |c BK |2 ddc | ||
| 945 | |d 20000512 00:00:00 |a rherrera | ||
| 952 | |0 0 |1 0 |2 ddc |4 0 |6 946_000000000000000_KAM_1986 |7 0 |8 A |9 334972 |a BIBHIS |b BIBHIS |d 2019-11-20 |i 126981K |o 946 KAM 1986 |p 126981K |r 2025-01-20 |t 1 |w 2019-11-20 |y BK |k HIS | ||
| 952 | |0 0 |1 0 |2 ddc |4 0 |6 946_000000000000000_KAM_1986 |7 0 |8 A |9 334973 |a BIBHIS |b BIBHIS |d 2019-11-20 |i 1269828 |o 946 KAM 1986 |p 1269828 |r 2025-01-20 |t 2 |w 2019-11-20 |y BK |k HIS | ||